| 000 | 01370nam0a22003251 4500 | ||
|---|---|---|---|
| 001 | RU\NLR\INFOCOMM_195\5000051898 | ||
| 005 | 20260406091845.0 | ||
| 010 | _z5-7300-0181-3 | ||
| 035 | _a(NLR Aleph) 009195441 | ||
| 090 |
_a8656475 _c8656475 |
||
| 100 | _a20100415d1988 |||y0rusy50 ca | ||
| 101 | 1 |
_aeng _crus |
|
| 102 | _aRU | ||
| 105 | _aa ||||000|y | ||
| 200 | 1 |
_aChinese popular prints _e[In memory of Acad. Vasily Alexeyev _eAn album _fSel. a. text by Maria Rudova _gEd. by Lev Menshikov _gTransl. from the Russ. by Viacheslav Sobolev] |
|
| 210 |
_aL. _cAurora _d1988 |
||
| 215 |
_a14, [191] с. _cцв. ил. _d29 см |
||
| 300 | _aВ вып. дан.: Китайская народная картина: Альбом | ||
| 320 | _aБиблиогр. в примеч.: с. 14-15 | ||
| 606 |
_aЛубок, китайский _2nlr_sh1 |
||
| 686 |
_aЩ153(5Кит)-465 _2rubbk |
||
| 702 | 1 |
_4220 _7ba _8rus _aPčelina _bM. L. _f1927-2013 _gMarija Leonidovna _3RU\NLR\AUTH\770282465 _92671599 |
|
| 702 | 1 |
_4390 _7ba _8rus _aMen'šikov _bL. N. _f1926-2005 _gLev Nikolaevič _3RU\NLR\AUTH\770282470 _92671604 |
|
| 702 | 1 |
_4390 _8rus _7ba _aAlekseev _bV. M. _cфилолог _f1881-1951 _gVasilij Michailovič _3RU\NLR\AUTH\7716825 _9126459 |
|
| 801 | 1 |
_aRU _bNLR _c20100415 |
|
| 801 | 0 |
_aRU _bNLR _gPSBO |
|
| 852 |
_aNLR _jЭ АлИс568-34/2-1 |
||
| 942 | _cBOOK | ||
| 980 | _aNB | ||